000 00416cam a22001337a 4500
008 180718b2010 xxu||||| |||| 00| 0 eng d
020 _a0198065477
082 _aT1x54 B182e
100 _aBalakrishnan, Pulapre
245 _aEconomic growth in India: history and prospect
_cby Pulapre Balakrishnan
260 _aNew Delhi
_bOxford Univ. Press
_c2010
300 _a289p.
650 _aIndia --Economic conditions --1947-
999 _c442444
_d442444